Ergebnisdiagramm der Fußball-Weltmeisterschaft 2018 - Statistiken

Allgemein
  • Dieses Quiz wurde 4.502 mal gespielt
  • Das Durchschnittsergebnis liegt bei 23 aus 32
Antworten auf der Karte
Die Antworten werden auf der Karte rot bzw. grün angezeigt, abhängig davon wie oft sie richtig erraten wurden.
 
Antwortstatistiken
Nation % Korrekt
Frankreich
99%
Deutschland
97%
Kroatien
94%
Argentinien
92%
Russland
92%
Spanien
92%
England
90%
Schweden
90%
Südkorea
90%
Brasilien
89%
Belgien
87%
Portugal
87%
Mexiko
86%
Japan
83%
Schweiz
74%
Uruguay
68%
Australien
67%
Dänemark
67%
Kolumbien
65%
Ägypten
64%
Polen
64%
Marokko
62%
Saudi-Arabien
61%
Nigeria
59%
Senegal
58%
Iran
54%
Serbien
54%
Island
51%
Costa Rica
49%
Panama
48%
Peru
46%
Tunesien
42%
Keine übereinstimmenden Quizze gefunden
Verteilung der Resultate
Anzahl Personen mit jedem Resultat
Perzentil nach korrekt beantworteten Fragen
Ihre Resultats-Entwicklung
Sie haben dieses Quiz noch nicht gespielt